Introducción al estudio de la teoría administrativa
Saved in:
| Hovedforfatter: | |
|---|---|
| Format: | Bog |
| Sprog: | spansk |
| Udgivet: |
Ciudad de México
Fondo de Cultura Económica
1963
|
| Serier: | Obras de Economía
|
| Fag: | |
| Tags: |
Tilføj Tag
Ingen Tags, Vær først til at tagge denne postø!
|
MARC
| LEADER | 00000nam a2200000 a 4500 | ||
|---|---|---|---|
| 001 | UCS2872 | ||
| 003 | CL-VaPUC | ||
| 008 | 970606e19630000MX |||||||||||||||||spa|d | ||
| 082 | 0 | 4 | |a 658.001 |b JIM |2 21 |
| 100 | |a Jiménez Castro, Wilburg |e author |9 410562 | ||
| 245 | 1 | 0 | |a Introducción al estudio de la teoría administrativa |
| 300 | |a 335 p | ||
| 942 | |c BK | ||
| 945 | |d 19970606 00:00:00 |a lriquelm | ||
| 260 | |a Ciudad de México |b Fondo de Cultura Económica |c 1963 | ||
| 650 | 0 | |a Teoría de la administración |9 388768 | |
| 650 | 0 | |a Evolución |9 259442 | |
| 650 | 0 | |a Gestión |9 260993 | |
| 650 | 0 | |a Administración de recursos |9 335387 | |
| 650 | 7 | |a PLANIFICACION OPERACIONAL |2 CL-VaPUC |9 340981 | |
| 583 | |a last modification |c 19970606 00:00:00 |k Rodrigo Vera | ||
| 490 | 0 | |a Obras de Economía | |
| 999 | |c 260799 |d 260797 | ||
| 952 | |0 0 |1 0 |4 0 |6 658_001000000000000_JIM_1963 |7 0 |8 P |9 287142 |a BIBDER |b BIBDER |d 2019-11-19 |i 1865676 |o 658.001 JIM 1963 |p 1865676 |r 2023-01-25 |w 2019-11-19 |y BK |k DER | ||